000 00843nam a22003257a 4500
001 BR2012001519
003 BR-BrBNA
005 20230928103906.0
007 ta
008 230509b bl.||||| |||| 00| 0 por d
040 _aBR-BrBNA
_bpor
_cBiblioteca Nacional de Agricultura
041 _a(Por)
072 _aE20
090 _ E20 BR2012001519
100 1 _aFlores, A.W.
100 1 _aRies, L.R.
100 1 _aAntunes, L.M.
245 1 _aGestão rural
260 3 _aPorto Alegre, RS (Brasil):
_c2006.
300 _a325 p.
500 _a35 ref.; Glossary p. 283-322; 66 illus.; 9 graphs.; 48 tables
650 _aGESTÃO
650 _aADMINISTRAÇÃO RURAL
650 _aORÇAMENTO
650 _aCUSTO DE PRODUÇÃO
650 _aINVENTÁRIO
650 _aCUSTO
909 _a202309
_bLucia
_c55
_dLucia Elande
942 _cBK
999 _c77113
_d77113